[Event "Brescia Province-ch"]
[Site "Ghedi"]
[Date "2015.01.24"]
[Round "1"]
[White "Lumachi, Gabriele"]
[Black "Onger, Nicola"]
[Result "0-1"]
[WhiteElo "1443"]
[BlackElo "1801"]
[PlyCount "66"]
[EventDate "2015.01.24"]
[EventType "swiss"]
[EventRounds "6"]
[EventCountry "ITA"]
[SourceTitle "EXT 2017"]
[Source "ChessBase"]
[SourceDate "2016.10.25"]
[SourceVersion "1"]
[SourceVersionDate "2016.10.25"]
[SourceQuality "1"]

1. c4 c6 2. e3 d5 3. d4 Nf6 4. Nc3 Bf5 5. h3 e6 6. Nf3 Nbd7 7. cxd5 cxd5 8. Bd3 Bxd3 9. Qxd3 Rc8 10. 0-0 Qb6 11. Qb5 a6 12. Qxb6 Nxb6 13. a3 Bd6 14. Rd1 Ke7 15. Kf1 Rc7 16. Rd3 Rhc8 17. Nd2 Kd7 18. Ke1 Ne4 19. Ndxe4 dxe4 20. Rd1 f5 21. Bd2 Nc4 22. Rab1 b5 23. Rdc1 Nxb2 24. Rxb2 Bxa3 25. Rbc2 b4 26. Na4 Rxc2 27. Rxc2 Rxc2 28. Nc5+ Rxc5 29. dxc5 Kc6 30. Kd1 Kxc5 31. Kc2 Kc4 32. Be1 b3+ 33. Kb1 Bb4 0-1

[Event "Brescia Province-ch"]
[Site "Ghedi"]
[Date "2013.01.26"]
[Round "1"]
[White "Onger, Nicola"]
[Black "Fausti, Mattia"]
[Result "1-0"]
[WhiteElo "1761"]
[BlackElo "1437"]
[PlyCount "68"]
[EventDate "2013.01.26"]
[EventType "swiss"]
[EventRounds "6"]
[EventCountry "ITA"]
[SourceTitle "EXT 2014"]
[Source "ChessBase"]
[SourceDate "2013.11.20"]
[SourceVersion "1"]
[SourceVersionDate "2013.11.20"]
[SourceQuality "1"]

1. e4 c5 2. c3 Nc6 3. d4 cxd4 4. cxd4 d5 5. e5 Bf5 6. Nf3 a6 7. Nc3 e6 8. a3 Qa5 9. Be2 Bb4 10. Bd2 Bxc3 11. Bxc3 Qb6 12. 0-0 Nge7 13. Qd2 0-0 14. Rfd1 f6 15. exf6 Rxf6 16. Ne5 Qc7 17. Rac1 Qd6 18. b4 Ng6 19. Qe3 Be4 20. f3 Ngxe5 21. dxe5 Nxe5 22. fxe4 Raf8 23. exd5 Rf5 24. dxe6 Qxe6 25. Rf1 Re8 26. Rxf5 Qxf5 27. Qg3 g6 28. Rf1 Qe4 29. Bf3 Qe3+ 30. Kh1 Qxc3 31. Bd5+ Kg7 32. Qxc3 Re7 33. Rf7+ Rxf7 34. Bxf7 Kxf7 1-0